Los Angeles Lakers Players by NBA Game Played - Statistics

General Stats
  • This quiz has been taken 153 times
  • The average score is 1422 of 6118
Answer Stats
Player Games % Correct
Kobe Bryant 1346
100%
LeBron James 431
97%
Magic Johnson 906
96%
Kareem Abdul-Jabbar 1093
93%
Shaquille O'Neal 514
90%
Jerry West 932
87%
Bronny James 42
84%
Clay Johnson 55
79%
Ron Johnson 8
79%
Stanley Johnson 48
79%
Trey Johnson 1
79%
Wesley Johnson 155
79%
Anthony Davis 312
78%
Brad Davis 38
76%
Ed Davis 79
76%
Nigel Hayes-Davis 2
76%
Pau Gasol 429
76%
Marc Gasol 52
73%
Wilt Chamberlain 339
72%
James Worthy 926
68%
Thomas Bryant 56
67%
Derek Fisher 915
61%
Elgin Baylor 846
61%
Luka Dončić 49
59%
Dwight Howard 205
50%
George Mikan 439
50%
A.C. Green 735
49%
Danny Green 68
49%
Devin Green 27
49%
Damian Jones 30
47%
Dwight Jones 32
47%
Earl Jones 2
47%
Eddie Jones 314
47%
Jemerrio Jones 8
47%
Jumaine Jones 76
47%
Mason Jones 4
47%
Cotton Nash 25
45%
Steve Nash 65
45%
Dorian Finney-Smith 43
44%
Karl Malone 42
44%
Bobby Smith 13
43%
Don Smith 8
43%
Elmore Smith 155
43%
Joe Smith 12
43%
J.R. Smith 6
43%
Nick Smith Jr. 12
43%
Tony Smith 316
43%
Robert Horry 448
42%
Duane Cooper 65
41%
Joe Cooper 2
41%
Michael Cooper 873
41%
Andrew Bynum 392
39%
Rick Fox 486
39%
Austin Reaves 302
36%
Jim Jackson 13
36%
Tony Jackson 2
36%
Bob Williams 24
34%
Derrick Williams 2
34%
Johnathan Williams 24
34%
Lamar Odom 519
34%
Lou Williams 125
34%
Ron Williams 9
34%
Shammond Williams 30
34%
Shawne Williams 36
34%
Vlade Divac 535
34%
Bryon Russell 72
33%
Byron Scott 846
33%
Cazzie Russell 196
33%
Charlie Scott 48
33%
D'Angelo Russell 265
33%
Darius Johnson-Odom 4
33%
Kurt Rambis 569
33%
Metta World Peace 358
33%
Russell Westbrook 130
33%
Gail Goodrich 687
30%
Kwame Brown 136
30%
Nick Van Exel 378
30%
Anthony Brown 29
29%
Chaundee Brown Jr. 2
29%
Chucky Brown 36
29%
George Brown 1
29%
Jabari Brown 19
29%
Roger Brown 1
29%
Shannon Brown 182
29%
Sterling Brown 4
29%
Tierre Brown 76
29%
Tony Brown 7
29%
Troy Brown Jr. 76
29%
Lonzo Ball 99
27%
Julius Randle 238
26%
Gary Payton 82
25%
Gary Payton II 11
25%
Billy Thompson 68
24%
Mychal Thompson 335
24%
Andre Ingram 6
21%
Brandon Ingram 190
21%
Jamaal Wilkes 575
21%
McCoy Ingram 24
21%
Rui Hachimura 185
21%
Fred Roberts 33
20%
Luke Walton 493
20%
Marv Roberts 28
20%
Brian Grant 69
19%
Bud Grant 96
19%
Horace Grant 132
19%
Nick Young 220
19%
Norm Nixon 485
19%
Travis Grant 36
19%
Carmelo Anthony 69
17%
Rajon Rondo 112
17%
Bob McAdoo 224
16%
Derek Harper 45
16%
Jaxson Hayes 151
16%
Kentavious Caldwell-Pope 292
16%
Ron Harper 127
16%
Tarik Black 144
16%
Cliff Robinson 9
15%
Flynn Robinson 70
15%
Kyle Kuzma 276
15%
Rumeal Robinson 15
15%
Thomas Robinson 48
15%
Cliff Anderson 53
14%
Irving Thomas 26
14%
Isaiah Thomas 21
14%
Juan Toscano-Anderson 30
14%
Trevor Ariza 130
14%
DeAndre Jordan 32
13%
Dennis Rodman 23
13%
Devean George 429
13%
Eddie Jordan 156
13%
Elden Campbell 618
13%
JaVale McGee 143
13%
Lucius Allen 210
13%
Mike McGee 302
13%
Reggie Jordan 23
13%
Smush Parker 164
13%
Tony Campbell 76
13%
Vern Mikkelsen 699
12%
Anthony Miller 73
11%
Cedric Ceballos 144
11%
Jarred Vanderbilt 110
11%
Jon Barry 49
11%
Archie Clark 157
10%
Butch Carter 54
10%
Dennis Schröder 127
10%
Earl Clark 59
10%
Jeremy Lin 74
10%
Jordan Clarkson 273
10%
Maurice Carter 4
10%
Ron Carter 46
10%
Scotty Pippen Jr. 6
10%
Stan Love 81
10%
Glen Rice 107
9%
Lonnie Walker IV 56
9%
Maxwell Lewis 41
9%
Samaki Walker 136
9%
Slick Leonard 324
9%
Alex Caruso 184
8%
Brook Lopez 74
8%
Deandre Ayton 24
8%
Elias Harris 2
8%
Gabe Vincent 97
8%
Manny Harris 9
8%
Dalton Knecht 101
7%
Darius Morris 67
7%
James Edwards 122
7%
Jay Vincent 24
7%
Jordan Hill 178
7%
Marcus Smart 19
7%
Markieff Morris 83
7%
Max Christie 154
7%
Sasha Vujačić 420
7%
Slater Martin 484
7%
Tyronn Lue 61
7%
Avery Bradley 111
6%
Doug Christie 88
6%
Frankie King 6
6%
Jim King 213
6%
Larry Nance Jr. 168
6%
Sedale Threatt 386
6%
Spencer Haywood 76
6%
Trevor Wilson 5
6%
Jordan Farmar 342
5%
Josh Hart 130
5%
Sam Perkins 185
5%
Bob Harrison 309
4%
Butch Lee 11
4%
Clyde Lovellette 282
4%
Danny Schayes 13
4%
David Rivers 47
4%
Davon Reed 8
4%
Happy Hairston 394
4%
Hub Reed 46
4%
Jake LaRavia 28
4%
Jerry Chambers 69
4%
Jim Barnes 122
4%
Jim Pollard 438
4%
Kermit Washington 214
4%
Mark Madsen 183
4%
Matt Barnes 116
4%
Mitch Richmond 64
4%
Pat Riley 296
4%
Steve Blake 204
4%
Vladimir Radmanović 166
4%
Adou Thiero 12
3%
Antawn Jamison 76
3%
Brian Shaw 284
3%
Don Nelson 119
3%
Jerome Henderson 1
3%
Josh Powell 123
3%
Kenny Carr 129
3%
Lance Stephenson 68
3%
Larry Foust 191
3%
Luol Deng 57
3%
Maurice Lucas 77
3%
Taurean Prince 78
3%
Timofey Mozgov 54
3%
Adrian Dantley 116
2%
Andrew Bogut 24
2%
Anthony Peeler 253
2%
Bob Boozer 78
2%
Boo Ellis 118
2%
Carlos Boozer 71
2%
Caron Butler 77
2%
Christian Koloko 39
2%
Dennis Hamilton 44
2%
Ivica Zubac 114
2%
Jim McMillian 242
2%
J.R. Reid 25
2%
Keith Erickson 309
2%
Keith Owens 20
2%
Kostas Antetokounmpo 20
2%
Larry Drew 128
2%
Leroy Ellis 402
2%
Maurice Evans 83
2%
Ramon Sessions 23
2%
Rick Roberson 139
2%
Robert Sacre 189
2%
Rudy LaRusso 582
2%
Steve Hamilton 82
2%
Talen Horton-Tucker 131
2%
Tracy Murray 31
2%
Travis Knight 171
2%
Whitey Skoog 341
2%
Aaron McKie 24
1%
Adam Morrison 39
1%
Adrian Branch 32
1%
Alan Hardy 22
1%
Alex Blackwell 27
1%
Alex Fudge 4
1%
Alex Len 10
1%
Alfonzo McKinnie 39
1%
Allen Murphy 2
1%
Andre Drummond 21
1%
Andrew Goudelock 41
1%
Antonio Harvey 86
1%
Armel Traoré 9
1%
Arnie Ferrin 178
1%
Ben McLemore 21
1%
Benoit Benjamin 28
1%
Bill Bridges 154
1%
Billy Ray Bates 4
1%
Bob Burrow 14
1%
Bobby Watson 50
1%
Bob Sims 19
1%
Bo Lamar 71
1%
Brandon Bass 66
1%
Brian Cook 259
1%
Cam Reddish 81
1%
Chris Kaman 39
1%
Chris Mihm 175
1%
Christian Wood 50
1%
Chuck Mencel 141
1%
Chuck Nevitt 15
1%
Chucky Atkins 82
1%
Coby Karl 17
1%
Connie Hawkins 114
1%
Corey Brewer 78
1%
Corie Blount 199
1%
Corky Calhoun 133
1%
Darrall Imhoff 316
1%
Dave Robisch 135
1%
Dick Barnett 232
1%
Dick Garmaker 324
1%
Dick Schnittker 335
1%
D.J. Augustin 21
1%
D.J. Mbenga 98
1%
Don Ford 368
1%
Donnie Freeman 64
1%
Drew Timme 2
1%
Ed Beach 11
1%
Ed Fleming 170
1%
Ed Kalafat 209
1%
Frank Selvy 364
1%
Freddie Crawford 119
1%
Gary Alcorn 20
1%
Gene Wiley 300
1%
George Lynch 203
1%
Herm Schaefer 123
1%
Hot Rod Hundley 431
1%
Howie Jolliff 138
1%
Isaiah Rider 67
1%
Jalen Hood-Schifino 23
1%
Jared Dudley 57
1%
Jim Brewer 149
1%
Jim Chones 164
1%
Jim Holstein 198
1%
Jim Krebs 515
1%
Jim Paxson 71
1%
Jim Price 225
1%
Jodie Meeks 155
1%
Johnny Egan 154
1%
John Salley 45
1%
Jordan Goodwin 29
1%
José Calderón 24
1%
Kareem Rush 162
1%
Kendrick Nunn 39
1%
Kent Bazemore 62
1%
Larry Spriggs 156
1%
Lew Hitch 217
1%
Lindsey Hunter 82
1%
Lloyd Daniels 25
1%
Lou Hudson 160
1%
Malik Beasley 26
1%
Mario Bennett 45
1%
Mark Landsberger 206
1%
Mark McNamara 72
1%
MarShon Brooks 18
1%
Marty Byrnes 32
1%
Matt Ryan 12
1%
Maxi Kleber 13
1%
Mel Counts 375
1%
Michael Beasley 26
1%
Mike Penberthy 56
1%
Milt Wagner 40
1%
Mitch Kupchak 173
1%
Mo Bamba 9
1%
Moritz Wagner 43
1%
Myles Patrick 3
1%
Ollie Mack 27
1%
Orlando Woolridge 136
1%
Patrick Beverley 45
1%
Pep Saul 166
1%
Quinn Cook 60
1%
Ray Felix 189
1%
Ron Horn 28
1%
Ronnie Price 43
1%
Ronny Turiaf 173
1%
Roy Hibbert 81
1%
Ruben Patterson 24
1%
Ryan Kelly 147
1%
Sam Bowie 92
1%
Sean Rooks 146
1%
Shake Milton 30
1%
Skylar Mays 17
1%
Spencer Dinwiddie 28
1%
Stanislav Medvedenko 249
1%
Sun Yue 10
1%
Terry Teagle 164
1%
Tom Abernethy 143
1%
Tom Hawkins 454
1%
Tony Jaros 183
1%
Trey Jemison 22
1%
Troy Daniels 41
1%
Troy Murphy 59
1%
Tyson Chandler 48
1%
Walter Dukes 71
1%
Walt Hazzard 225
1%
Wayne Ellington 108
1%
Wesley Matthews 58
1%
Wes Matthews 101
1%
Willie McCarter 116
1%
Xavier Henry 52
1%
Zelmo Beaty 69
1%
Art Spoelstra 50
0%
Bill Hewitt 95
0%
Bill Turner 19
0%
Billy Hassett 42
0%
Billy McGill 8
0%
Bob Carney 19
0%
Bob McNeill 29
0%
Bo Erias 18
0%
Brad Holland 79
0%
Brian Winters 68
0%
Calvin Garrett 41
0%
Channing Frye 9
0%
Chris Duhon 46
0%
Chris Mañon 3
0%
Christian Eyenga 1
0%
Chuck Share 3
0%
C.J. Kupec 98
0%
Cliff Meely 20
0%
Cole Swider 7
0%
Colin Castleton 16
0%
Corky Devlin 70
0%
Cornell Warner 95
0%
Darren Collison 3
0%
David Nwaba 20
0%
Demetrius Calip 7
0%
Derek Strong 63
0%
Derrick Caracter 41
0%
Devin Ebanks 63
0%
Devontae Cacok 21
0%
Dick Garrett 73
0%
Dion Waiters 7
0%
D'Moi Hodge 7
0%
Don Carlson 112
0%
Don Chaney 90
0%
Donnie Forman 44
0%
Don Sunderlage 45
0%
Dwight Buycks 6
0%
Dylan Windler 8
0%
Earl Gardner 50
0%
Earl Tatum 93
0%
Earnie Killum 4
0%
Ernie DiGregorio 25
0%
Erwin Mueller 39
0%
Frank Brickowski 37
0%
Fred Hetzel 59
0%
Gene Stump 23
0%
George McCloud 23
0%
Greg Foster 62
0%
Hank Finkel 27
0%
Harry Giles 7
0%
Howie Schultz 106
0%
Ime Udoka 4
0%
Ira Newble 6
0%
Isaac Bonga 22
0%
Jack Dwan 60
0%
Jack Haley 49
0%
Jack Tingle 2
0%
Jamal Sampson 10
0%
Jannero Pargo 47
0%
Jason Kapono 27
0%
Javaris Crittenton 22
0%
Jawann Oldham 3
0%
Jay Carty 28
0%
Jay Huff 4
0%
Jeff Lamp 40
0%
Jelani McCoy 21
0%
Jerome Kersey 70
0%
Jerry Grote 11
0%
Jim Cleamons 38
0%
Jim Fritsche 2
0%
Jim McDaniels 35
0%
Joe Crispin 6
0%
Joe Hutton 120
0%
Joe Kleine 8
0%
John Block 22
0%
John Celestand 16
0%
John Fairchild 30
0%
Johnny Horan 12
0%
Johnny Jorgensen 48
0%
Johnny Neumann 59
0%
John Pilch 9
0%
John Roche 15
0%
John Trapp 63
0%
John Tresvant 28
0%
John Wetzel 38
0%
Josh McRoberts 50
0%
Kendall Marshall 54
0%
Kevin McKenna 36
0%
Kevin O'Shea 63
0%
Laron Profit 25
0%
Larry Krystkowiak 3
0%
Lester Conner 2
0%
Mack Calvin 12
0%
Mac McClung 1
0%
Malik Monk 76
0%
Marcelo Huertas 76
0%
Mel Gibson 9
0%
Mel McCants 13
0%
Mike Bloom 24
0%
Mike Higgins 6
0%
Mike Lynn 44
0%
Mike Muscala 17
0%
Mike Smrek 83
0%
Montrezl Harrell 69
0%
Nate Hawthorne 33
0%
Nick Mantis 10
0%
Normie Glick 1
0%
Paul Walther 22
0%
Pétur Guðmundsson 8
0%
Quincy Olivari 2
0%
Randolph Keys 6
0%
Ray Ellefson 3
0%
Ray Tolbert 14
0%
Reggie Bullock 19
0%
Ron Boone 88
0%
Ron Feiereisel 10
0%
Ronnie Lester 59
0%
Ron Sobie 1
0%
Rory Sparrow 42
0%
Sam Jacobson 5
0%
Scott Machado 4
0%
Sekou Doumbouya 2
0%
Shea Seals 4
0%
Soumaila Samake 13
0%
Steve Bucknall 18
0%
Steve Mix 1
0%
Stu Lantz 109
0%
Svi Mykhailiuk 39
0%
Swen Nater 69
0%
Theo Ratliff 10
0%
Tony Bobbitt 2
0%
Travis Wear 17
0%
Tyler Ennis 76
0%
Vander Blue 7
0%
Von Wafer 16
0%
Walt Wesley 1
0%
Wayne Yates 37
0%
Wenyen Gabriel 87
0%
Whitey Kachan 19
0%
Zach Norvell 2
0%
No matching quizzes found
Score Distribution
Percent of People with Each Score
Percentile by Number Answered
Your Score History
You have not taken this quiz